| 000 | 00473nab a2200145Ia 4500 | ||
|---|---|---|---|
| 003 | ES-SlBCS | ||
| 005 | 20210601141905.0 | ||
| 008 | 140529s1982 xxu||||| |||| 00| 0 spa d | ||
| 041 | _aspa | ||
| 100 | 1 |
_aNipkow, Karl Ernst _9236017 |
|
| 245 | 0 | 0 |
_aNueva religiosidad, cambio social y movimientos juveniles (I) _c Karl Ernst Nipkow |
| 650 | 0 | 4 |
_aReligiosidad Juvenil _9220489 |
| 773 | 0 |
_tFolia Humanistica _gvol. 20, nº. 234-235, 1982, págs. 449-465 _wRev1220 |
|
| 942 | _cAR | ||
| 999 |
_c668040 _d668040 |
||